[Event "Eastpointe (MI Action/2/7)"]
[Site "?"]
[Date "1994.??.??"]
[Round "?"]
[White "Jointer, William"]
[Black "LaMar, Frank"]
[Result "0-1"]
[WhiteElo "1720"]
[BlackElo "2120"]
[PlyCount "104"]
[EventDate "1994.??.??"]

{2/(7)} 1. d4 d5 2. e4 dxe4 3. Nc3 Nf6 4. f3 exf3 5. Nxf3 e6 6. Bc4 Bb4 7. O-O
O-O 8. a3 Bd6 9. Qe1 c6 10. Qh4 Nd5 11. Ng5 h6 12. Bd3 f5 13. Nf3 Qxh4 14. Nxh4
Nxc3 15. bxc3 Nd7 16. Bc4 Nb6 17. Ba2 Kh7 18. c4 Be7 19. Nf3 Bf6 20. c3 Na4 21.
Bd2 Bd7 22. c5 b5 23. Rae1 Rae8 24. Ne5 Bxe5 25. Rxe5 Nb2 26. Rfe1 Nd3 27. c4
Nxe1 28. Bxe1 bxc4 29. Bxc4 Rb8 30. Bxe6 Bxe6 31. Rxe6 Rfe8 32. Rxe8 Rxe8 33.
Kf2 g5 34. Bc3 h5 35. h3 Kg6 36. Kf3 f4 37. Ba5 Re3+ 38. Kf2 Rxa3 39. Bc7 Rd3
40. Be5 a5 41. Ke2 Rg3 42. Kf2 Kf5 43. Bg7 a4 44. d5 cxd5 45. c6 Ke6 46. c7 Kd7
47. Be5 Re3 48. Bd4 Kxc7 49. Bxe3 fxe3+ 50. Kxe3 a3 51. Kd4 a2 52. Kxd5 a1=Q
0-1

[Event "Eastpointe (US Am N/1a/16)"]
[Site "?"]
[Date "1994.??.??"]
[Round "?"]
[White "Jointer, William"]
[Black "Kas-Mikha, N."]
[Result "1-0"]
[WhiteElo "1700"]
[BlackElo "1605"]
[PlyCount "44"]
[EventDate "1994.??.??"]

1. d4 d5 2. Nc3 e5 3. dxe5 Bc5 4. Nxd5 c6 5. Nc3 f6 6. e4 fxe5 7. Qh5+ g6 8.
Qxe5+ Qe7 9. Qxh8 Bf5 10. Qxg8+ Kd7 11. Bf4 Qh4 12. O-O-O+ Ke7 13. Qd8+ Ke6 14.
Qxh4 Bxf2 15. exf5+ gxf5 16. Qxf2 Na6 17. Bc4+ Ke7 18. Bd6+ Ke8 19. Qxf5 Nb4
20. Bf7+ Kd8 21. Bxb4+ Kc7 22. Rd7+ Kb6 1-0

[Event "Eastpointe (US Am N/3/24)"]
[Site "?"]
[Date "1994.??.??"]
[Round "?"]
[White "Jointer, William"]
[Black "Iyer, Krishnan"]
[Result "1-0"]
[WhiteElo "1700"]
[BlackElo "1605"]
[PlyCount "67"]
[EventDate "1994.??.??"]

{3/(24)} 1. d4 Nf6 2. Nc3 d5 3. e4 dxe4 4. f3 exf3 5. Qxf3 c6 6. Be3 Bg4 7. Qg3
e6 8. Bd3 Bd6 9. Qh4 Nbd7 10. Nge2 Qe7 11. O-O O-O-O 12. Ng3 Bxg3 13. Qxg3 h6
14. d5 exd5 15. Bxa7 Qe5 16. Qf2 Rhe8 17. a4 Bh5 18. Rae1 Qd6 19. a5 Ng4 20.
Qh4 Rxe1 21. Rxe1 g6 22. Na4 c5 23. Bb5 Nge5 24. Qg3 f6 25. Bxd7+ Rxd7 26. Nb6+
Kc7 27. Nxd7 Kxd7 28. Qe3 d4 29. Qb3 Qc6 30. Bb8 Bf3 31. Bxe5 Bd5 32. Qh3+ Be6
33. Qxh6 fxe5 34. Qg7+ 1-0

[Event "Eastpointe (MI Action/4/13)"]
[Site "?"]
[Date "1994.??.??"]
[Round "?"]
[White "Jointer, William"]
[Black "Hartwig, Thomas"]
[Result "1-0"]
[WhiteElo "1720"]
[BlackElo "1605"]
[PlyCount "53"]
[EventDate "1994.??.??"]

{4/(13)} 1. e4 c5 2. Nf3 d6 3. d4 cxd4 4. Nxd4 Nf6 5. Nc3 g6 6. Be3 Bg7 7. f3
O-O 8. Qd2 Nc6 9. O-O-O Nxd4 10. Bxd4 Be6 11. g4 Qa5 12. a3 Rfc8 13. h4 Rc7 14.
h5 Rac8 15. hxg6 fxg6 16. Qh2 Bd7 17. e5 dxe5 18. Bxe5 Nh5 19. Bxc7 Rxc7 20.
gxh5 Bxc3 21. Rxd7 Bxb2+ 22. Kxb2 Qc3+ 23. Ka2 Rxd7 24. Bd3 Rd6 25. hxg6 Kf8
26. Qxh7 Ke8 27. Qh8+ 1-0

[Event "Detroit (MOR/6/8)"]
[Site "?"]
[Date "1994.??.??"]
[Round "?"]
[White "Jointer, William"]
[Black "Foord, Allan"]
[Result "1-0"]
[WhiteElo "1740"]
[BlackElo "1650"]
[PlyCount "55"]
[EventDate "1994.??.??"]

{6/(8)} 1. d4 Nf6 2. e4 Nxe4 3. Bd3 Nf6 4. Nc3 d5 5. Bg5 e6 6. f4 Be7 7. h3 h6
8. Bh4 Nc6 9. Nf3 Bd7 10. a3 Nh5 11. Bxe7 Qxe7 12. g4 Nxf4 13. Qd2 Nxd3+ 14.
Qxd3 O-O 15. O-O-O a6 16. Rde1 Qd6 17. h4 Qf4+ 18. Kb1 Qxg4 19. Reg1 Qf5 20.
Qe3 Kh8 21. Rf1 Qh5 22. Ne2 f5 23. Nf4 Qe8 24. Rfg1 Rf6 25. h5 Ne7 26. Ne5 Kh7
27. Qg3 b5 28. Qxg7# 1-0

[Event "Ann Arbor (HVA/3/5)"]
[Site "?"]
[Date "1994.??.??"]
[Round "?"]
[White "Jointer, William"]
[Black "Caldwell, B."]
[Result "1-0"]
[WhiteElo "1700"]
[BlackElo "1605"]
[PlyCount "51"]
[EventDate "1994.??.??"]

{3/(5)} 1. e4 e5 2. Nf3 Nc6 3. Bc4 Nf6 4. Ng5 d5 5. exd5 Nxd5 6. Nxf7 Kxf7 7.
Qf3+ Ke6 8. Nc3 Nce7 9. d4 c6 10. Bg5 h6 11. Bh4 g5 12. Bg3 Bg7 13. dxe5 Nf5
14. O-O-O Nfe7 15. Qg4+ Kf7 16. Qf3+ Ke6 17. Rhe1 b5 18. Bb3 Rf8 19. Qg4+ Kf7
20. e6+ Kg8 21. Ne4 a5 22. a3 b4 23. a4 Rf5 24. h4 Bxe6 25. Nd6 Rxf2 26. Qxe6+
1-0

[Event "Flint (MI Senior/4/5)"]
[Site "?"]
[Date "1994.??.??"]
[Round "?"]
[White "Jointer, William"]
[Black "Brown, Ralph"]
[Result "1-0"]
[WhiteElo "1700"]
[BlackElo "1665"]
[PlyCount "93"]
[EventDate "1994.??.??"]

{4/(5)} 1. e4 e5 2. Nf3 Nc6 3. Bc4 h6 4. d4 exd4 5. Nxd4 Ne5 6. Bb3 Qh4 7. O-O
Bd6 8. f4 Ng6 9. Nf5 Bc5+ 10. Ne3 d6 11. f5 Ne5 12. Kh1 Bxe3 13. Bxe3 Ng4 14.
Bg1 N8f6 15. Nd2 Nh5 16. Qf3 Ne5 17. Qf2 Qxf2 18. Rxf2 Nf6 19. h3 b6 20. Ba4+
c6 21. Nc4 Kd7 22. Nxe5+ dxe5 23. Rd2+ Kc7 24. Re1 Rd8 25. Rxd8 Kxd8 26. Bxc6
Rb8 27. Bh2 Bb7 28. Bxb7 Rxb7 29. Bxe5 Nh5 30. Rd1+ Rd7 31. Rxd7+ Kxd7 32. g4
Nf6 33. Bxf6 gxf6 34. Kg2 Kd6 35. Kf3 Kc5 36. Ke3 Kc4 37. c3 a5 38. Kf4 b5 39.
e5 a4 40. e6 a3 41. bxa3 Kxc3 42. exf7 Kb2 43. f8=Q Kxa2 44. Qb4 h5 45. Ke3 h4
46. Kd2 Ka1 47. Kc2 1-0

[Event "Ann Arbor (HVA/5/5)"]
[Site "?"]
[Date "1994.??.??"]
[Round "?"]
[White "Jointer, William"]
[Black "Brotherton, D."]
[Result "1-0"]
[WhiteElo "1700"]
[BlackElo "1605"]
[PlyCount "49"]
[EventDate "1994.??.??"]

{5/(5)} 1. d4 Nf6 2. Nc3 d5 3. e4 dxe4 4. f3 exf3 5. Qxf3 e6 6. Bd3 Be7 7. Qg3
c6 8. Nf3 Nbd7 9. Bg5 b6 10. O-O-O Bb7 11. Rhf1 Nd5 12. Nxd5 cxd5 13. Bxe7 Qxe7
14. Qxg7 O-O-O 15. g3 Rdg8 16. Qh6 Qf6 17. Qxf6 Nxf6 18. Ne5 Ng4 19. Nxg4 Rxg4
20. Rxf7 Rxd4 21. Re7 Rg4 22. Rf1 d4 23. Rff7 Bd5 24. Rxa7 h6 25. Bc4 1-0

[Event "Warren (Warmup"]
[Site "?"]
[Date "1994.??.??"]
[Round "?"]
[White "Jointer, William"]
[Black "Blake, J."]
[Result "0-1"]
[WhiteElo "1700"]
[BlackElo "1745"]
[PlyCount "86"]
[EventDate "1994.??.??"]

1. d4 {[Blackmar-Diemer Gambit, D00]} d5 2. e4 dxe4 3. Nc3 Bf5 4. f3 exf3 5.
Qxf3 Qc8 6. Bc4 e6 7. Ne4 {[OK, OK, I'm not that familiar with the Black-Die
Gambit. But somehow, I don't think the that attacking scheme involves time
wasting piece trades!]} Bxe4 8. Qxe4 Nf6 9. Qe2 Be7 10. Nh3 {[He wants to keep
the f-file clear, but this doesn't seem worth misplacing a knight for.]} O-O
11. O-O Nc6 12. c3 Bd6 13. Bd3 e5 {[There was no hurry for this move, White's
attack still being in the larva stage. Better to develop at least one rook to
the e-file first to get some more oomph behind it.]} 14. Bf5 Qe8 15. d5 Nxd5
16. Qh5 g6 17. Qh6 Be7 (17... gxf5 18. Ng5 Nf6 19. Rxf5 {shows that White does
have his chances.}) 18. Be4 Rd8 19. c4 Nb6 20. b3 f5 {[A bit venturesome, but
the possibility of defense along the seventh rank justifies it.]} 21. Bxc6 Qxc6
22. Bg5 Bxg5 23. Nxg5 Qd7 24. Rae1 e4 25. Re3 Qe7 26. Rh3 Rd7 27. Qh4 h5 28.
Qf4 Qd6 29. Qf2 Qd2 30. Qg3 Rd3 31. Qxc7 $4 {[It was getting frustrating, but
were things really this bad?]} Qxg5 32. Rxd3 exd3 33. Qd6 Rd8 34. Qe6+ Kh7 35.
c5 Nd5 36. Qf7+ Kh6 37. Qxb7 Qe3+ 38. Kh1 Qxc5 39. Qa6 Ne3 40. Qf6 Qd5 41. Rf2
d2 42. h4 d1=Q+ 43. Kh2 Ng4+ 0-1

[Event "Detroit (MOR/2/42)"]
[Site "?"]
[Date "1994.??.??"]
[Round "?"]
[White "Jointer, William"]
[Black "Biondo, Anthony"]
[Result "1-0"]
[WhiteElo "1740"]
[BlackElo "1605"]
[PlyCount "107"]
[EventDate "1994.??.??"]

{2/(42)} 1. d4 d5 2. e4 Nc6 3. exd5 Qxd5 4. Nc3 Qxd4 5. Be3 Qxd1+ 6. Rxd1 a6 7.
Nf3 e6 8. Be2 Nf6 9. O-O g6 10. Rfe1 Bg7 11. Bc5 b6 12. Ba3 b5 13. Nxb5 axb5
14. Bxb5 Bb7 15. Ne5 Rd8 16. Nxc6 Rxd1 17. Rxd1 Nd5 18. c4 Bf8 19. cxd5 Bxa3
20. Ne5+ Kf8 21. bxa3 Kg7 22. dxe6 fxe6 23. Rd7+ Kh6 24. Nf7+ Kg7 25. Nd6+ Kf6
26. Nxb7 c6 27. Bxc6 Rc8 28. Rd6 Ke7 29. a4 Rb8 30. Rd7+ Kf6 31. a5 Ra8 32. f4
Ra6 33. Rd6 Ke7 34. Kf2 Ra7 35. Rd7+ Kf6 36. g4 g5 37. fxg5+ Kxg5 38. Kg3 Kf6
39. Kf4 e5+ 40. Ke4 Ke6 41. Nc5+ Kf6 42. Rxa7 Kg5 43. Rg7+ Kh6 44. Re7 Kg5 45.
h3 Kg6 46. h4 Kf6 47. Re6+ Kf7 48. Kf5 Kg7 49. h5 h6 50. g5 hxg5 51. Kxg5 Kf7
52. h6 Kf8 53. Kg6 e4 54. Re8# 1-0

[Event "Detroit (CAO/1/9)"]
[Site "?"]
[Date "1994.??.??"]
[Round "?"]
[White "Jointer, William"]
[Black "Berry, M."]
[Result "1-0"]
[WhiteElo "1700"]
[BlackElo "1605"]
[PlyCount "106"]
[EventDate "1994.??.??"]

{1/(9)} 1. e4 Nc6 2. d4 e6 3. Nf3 Nf6 4. Bg5 Be7 5. Bd3 Ng4 6. Bxe7 Qxe7 7. h3
Nf6 8. e5 Nd5 9. O-O d6 10. c4 Nf4 11. exd6 cxd6 12. d5 Nd8 13. dxe6 Ndxe6 14.
Nc3 Nxd3 15. Qxd3 O-O 16. Nd5 Qd8 17. Rad1 Nc5 18. Qd4 Ne6 19. Qe3 b6 20. Rfe1
Bb7 21. Nd4 Nxd4 22. Ne7+ Kh8 23. Qxd4 Re8 24. Qxd6 Qxd6 25. Rxd6 Rad8 26. Rxd8
Rxd8 27. f3 Rd2 28. Nf5 h6 29. Re7 Rd1+ 30. Kf2 Rd2+ 31. Kg3 Ba6 32. b3 Rxa2
33. Rxa7 Ra5 34. Rxf7 Bc8 35. Nd6 Kg8 36. Rc7 Be6 37. Rc6 b5 38. Nxb5 Bd7 39.
Rb6 Bxb5 40. Rxb5 Ra2 41. c5 Kf8 42. Rb7 g5 43. c6 Rc2 44. c7 Ke8 45. b4 Kd7
46. b5 Kc8 47. Ra7 Rb2 48. Ra6 Kxc7 49. Rxh6 Rxb5 50. Re6 Kd7 51. Re4 Kd6 52.
Kg4 Rb2 53. g3 Rg2 1-0

[Event "Eastpointe (MI Action/6/5)"]
[Site "?"]
[Date "1994.??.??"]
[Round "?"]
[White "Jointer, William"]
[Black "Bee, A."]
[Result "1-0"]
[WhiteElo "1720"]
[BlackElo "1900"]
[PlyCount "41"]
[EventDate "1994.??.??"]

{6/(5)} 1. d4 e6 2. e4 d6 3. f4 g6 4. Nc3 Bg7 5. Be3 Nd7 6. Qd2 a6 7. O-O-O c6
8. g4 b5 9. Bd3 Nb6 10. h4 Bd7 11. Nf3 Nc4 12. Bxc4 bxc4 13. e5 d5 14. h5 Qa5
15. hxg6 hxg6 16. Rxh8 Bxh8 17. Qh2 Bg7 18. Qh7 Kf8 19. f5 Rb8 20. f6 Be8 21.
Qxg7# 1-0

[Event "Detroit (MCO/B/3a/4)"]
[Site "?"]
[Date "1994.??.??"]
[Round "?"]
[White "Johnston, Rowland"]
[Black "Blake, J."]
[Result "0-1"]
[WhiteElo "1730"]
[BlackElo "1720"]
[PlyCount "58"]
[EventDate "1994.??.??"]

1. Nf3 d6 2. d3 c5 3. g3 Nc6 4. Bg2 g6 5. O-O Bg7 6. Nbd2 Nf6 7. c3 O-O 8. e4
e5 9. Qe2 Re8 10. Re1 Bg4 11. h3 Bc8 12. Nf1 Bd7 13. N3h2 Qc8 14. g4 h5 15. Ne3
hxg4 16. hxg4 Kh7 17. Nc4 Bf8 18. Qf3 Be7 19. g5 Nh5 20. Qxf7+ Ng7 21. Qf3 Rf8
22. Qg3 Nh5 23. Qh4 Kg7 24. Re3 b5 25. Na3 Rh8 26. Nxb5 a6 27. Na3 Qd8 28. Rf3
Nf4 29. Qg3 Ne2+ 0-1

[Event "Detroit (Class B/1/6)"]
[Site "?"]
[Date "1994.??.??"]
[Round "?"]
[White "Johnston, R."]
[Black "Rostrom, Richard"]
[Result "0-1"]
[WhiteElo "1745"]
[BlackElo "1675"]
[PlyCount "78"]
[EventDate "1994.??.??"]

{1/(6)} 1. b4 e6 2. a3 g6 3. Bb2 Nf6 4. c4 Bg7 5. Nc3 O-O 6. e3 d5 7. Nf3 Nbd7
8. Qb3 c6 9. Be2 Qc7 10. Rc1 Ne5 11. Nxe5 Qxe5 12. Nxd5 Qg5 13. Nf4 Ne4 14.
Bxg7 Kxg7 15. h4 Qd8 16. d3 Nd6 17. h5 e5 18. Qc3 Qf6 19. hxg6 fxg6 20. Nh3
Bxh3 21. Rxh3 Qxf2+ 22. Kd2 Ne4+ 23. dxe4 Rad8+ 24. Kc2 Qxe2+ 25. Kb1 Qd3+ 26.
Qxd3 Rxd3 27. Rch1 h5 28. g4 Rf2 29. R3h2 Rxh2 30. Rxh2 Rxa3 31. Kb2 Rxe3 32.
gxh5 Rxe4 33. h6+ Kh7 34. Kc3 Re3+ 35. Kc2 e4 36. c5 Rf3 37. Re2 Rf4 38. Rh2 e3
39. Kd3 Rxb4 0-1

[Event "Detroit (Class B/3/8)"]
[Site "?"]
[Date "1994.??.??"]
[Round "?"]
[White "Johnston, R."]
[Black "Randel, D."]
[Result "1-0"]
[WhiteElo "1745"]
[BlackElo "1660"]
[PlyCount "71"]
[EventDate "1994.??.??"]

{3/(8)} 1. b4 Nf6 2. Bb2 g6 3. c4 Bg7 4. Nc3 O-O 5. Nf3 d6 6. e3 e5 7. d3 Nbd7
8. Be2 Nh5 9. g4 Nhf6 10. g5 Ne8 11. Kd2 c6 12. h4 h5 13. gxh6 Bxh6 14. Qg1
Ndf6 15. h5 Kh7 16. Ng5+ Kg7 17. Nxf7 Kxf7 18. Qxg6+ Ke7 19. Qxh6 Be6 20. Rag1
Nc7 21. Rg7+ Bf7 22. Qg6 Ne6 23. Rxf7+ Rxf7 24. h6 Qh8 25. f4 Rg8 26. Qf5 Ng4
27. Qh5 Nf6 28. Qh4 Rg2 29. fxe5 dxe5 30. Ne4 Kd7 31. Nxf6+ Qxf6 32. Qxf6 Rxf6
33. Bxe5 Rff2 34. h7 Rxe2+ 35. Kc1 Rxe3 36. h8=Q 1-0

[Event "Gaylord (NMO/4/10)"]
[Site "?"]
[Date "1994.??.??"]
[Round "?"]
[White "Johnston, R."]
[Black "Morio, J."]
[Result "1-0"]
[WhiteElo "1730"]
[BlackElo "1605"]
[PlyCount "81"]
[EventDate "1994.??.??"]

{4/(10)} 1. Nf3 d5 2. g3 Nc6 3. Bg2 h6 4. d3 Nf6 5. O-O e5 6. Nbd2 Be6 7. e4 d4
8. Qe2 Qd7 9. Nc4 Bd6 10. Nxd6+ cxd6 11. Ne1 Bh3 12. f4 Bxg2 13. Kxg2 Qg4 14.
Nf3 Nh5 15. Kh1 Qh3 16. Rg1 Qg4 17. f5 g6 18. fxg6 fxg6 19. Bd2 O-O-O 20. Qg2
Rdf8 21. Raf1 Qe6 22. a3 d5 23. exd5 Qxd5 24. Nh4 Qxg2+ 25. Kxg2 Ne7 26. Rxf8+
Rxf8 27. Bxh6 Rg8 28. Rf1 g5 29. Nf5 Nd5 30. Re1 Rg6 31. Rxe5 Nhf6 32. Bf8 Ne3+
33. Rxe3 Nd5 34. Ne7+ Nxe7 35. Rxe7 Rg8 36. Bg7 a6 37. Bxd4 g4 38. Be5 Rg5 39.
d4 Rg6 40. Rc7+ Kd8 41. Rxb7 1-0

[Event "Gaylord (NMO/5/6)"]
[Site "?"]
[Date "1994.??.??"]
[Round "?"]
[White "Johnston, R."]
[Black "Iyer, Krishnan"]
[Result "1-0"]
[WhiteElo "1730"]
[BlackElo "1605"]
[PlyCount "67"]
[EventDate "1994.??.??"]

{5/(6)} 1. Nf3 b6 2. g3 Bb7 3. Bg2 d5 4. O-O Nc6 5. d3 e5 6. Nbd2 Qd7 7. e4 d4
8. Nc4 f6 9. a4 Bb4 10. Nh4 O-O-O 11. f4 Na5 12. Nxa5 bxa5 13. fxe5 fxe5 14.
Qh5 Re8 15. Bg5 Nf6 16. Bxf6 gxf6 17. Rxf6 Rhf8 18. Rxf8 Rxf8 19. Qxe5 Qc6 20.
Bh3+ Kb8 21. Rf1 Bc8 22. Rxf8 Bxf8 23. Bxc8 Kxc8 24. Qf5+ Kb7 25. Qxf8 Qxc2 26.
Qa3 Qd1+ 27. Kg2 Qe2+ 28. Kh3 Qf1+ 29. Ng2 Qf7 30. Qc5 Qd7+ 31. Qf5 Qxa4 32. e5
Qb3 33. e6 Qxb2 34. e7 1-0

[Event "Detroit (MCO/B/4/6)"]
[Site "?"]
[Date "1994.??.??"]
[Round "?"]
[White "Johnston, R."]
[Black "Dupree, J."]
[Result "0-1"]
[WhiteElo "1730"]
[BlackElo "1750"]
[PlyCount "30"]
[EventDate "1994.??.??"]

{4/(6)} 1. Nf3 d5 2. g3 Nc6 3. Bg2 Nf6 4. O-O e5 5. d3 Be6 6. Nbd2 Bc5 7. c3
O-O 8. b4 Bd6 9. e4 d4 10. b5 dxc3 11. Nc4 Nd4 12. Ncxe5 Nxb5 13. d4 Bxe5 14.
Nxe5 Qxd4 15. Bf4 Rad8 0-1

[Event "Gaylord (NMO/1/9)"]
[Site "?"]
[Date "1994.??.??"]
[Round "?"]
[White "Johnston, R."]
[Black "Danek, C."]
[Result "1-0"]
[WhiteElo "1730"]
[BlackElo "1605"]
[PlyCount "68"]
[EventDate "1994.??.??"]

{1/(9)} 1. Nf3 Nf6 2. g3 d6 3. Bg2 e6 4. O-O Be7 5. d3 c5 6. Nbd2 Nc6 7. e4 Qc7
8. c3 e5 9. Qe2 Bg4 10. h3 Bh5 11. Nc4 h6 12. g4 Nxg4 13. hxg4 Bxg4 14. Ne3 Bh5
15. Bh3 Qd8 16. Nf5 Bf6 17. Ng3 Bg6 18. Ne1 h5 19. Nc2 Bg5 20. Qf3 Bxc1 21.
Raxc1 Qg5 22. Kh2 Ne7 23. Rg1 Qf4 24. Qxf4 exf4 25. Ne2 d5 26. Nxf4 dxe4 27.
Nxg6 Nxg6 28. dxe4 Nf4 29. Rxg7 Rd8 30. Bf1 Ng6 31. Bc4 Rd7 32. Bb5 Ke7 33.
Bxd7 Kxd7 34. Rxf7+ Kc6 1-0

[Event "Detroit (Class B/5/4)"]
[Site "?"]
[Date "1994.??.??"]
[Round "?"]
[White "Johnston, R."]
[Black "Calton, David A"]
[Result "0-1"]
[WhiteElo "1745"]
[BlackElo "1740"]
[PlyCount "69"]
[EventDate "1994.??.??"]

{5/(4)} 1. b4 e6 2. a3 Nf6 3. Bb2 d5 4. Nf3 b6 5. e3 Bb7 6. c4 Nbd7 7. Nc3 c5
8. bxc5 Nxc5 9. d4 Nce4 10. Ne5 Nxc3 11. Bxc3 Bd6 12. Qa4+ Nd7 13. Bb4 Bxe5 14.
dxe5 Qc7 15. Bd6 Qc6 16. Qxc6 Bxc6 17. cxd5 Bxd5 18. Rc1 f6 19. exf6 Nxf6 20.
Bb5+ Kf7 21. O-O Rac8 22. Ba6 Rcd8 23. Rc7+ Kg6 24. Be5 Kf5 25. Bg3 Rd7 26.
Rfc1 Rhd8 27. f3 Bb3 28. e4+ Kg6 29. Be2 Ba4 30. Rxd7 Rxd7 31. Bc4 Kf7 32. Bf4
b5 33. Ba2 Ne8 34. Kf2 h6 35. Rc6 {[Remainder illegible; 0-1, 83?]} 0-1

[Event "Detroit (MEX/2/4)"]
[Site "?"]
[Date "1994.??.??"]
[Round "?"]
[White "Jirjis, Faris"]
[Black "Thompson, Dexter"]
[Result "1/2-1/2"]
[WhiteElo "2155"]
[BlackElo "2235"]
[PlyCount "162"]
[EventDate "1994.??.??"]

{2/(4)} 1. e4 e5 2. Nf3 Nc6 3. Bb5 a6 4. Ba4 Nf6 5. O-O Be7 6. Qe2 b5 7. Bb3
O-O 8. c3 d5 9. d3 Qd6 10. h3 h6 11. Rd1 Be6 12. Nbd2 a5 13. d4 dxe4 14. dxe5
Nxe5 15. Nxe4 Nxf3+ 16. Qxf3 Qe5 17. Nxf6+ Bxf6 18. Bf4 Qf5 19. g4 Qc5 20. Bxh6
Bxb3 21. axb3 a4 22. Be3 Qe7 23. Qc6 Rfb8 24. Rd7 Qe8 25. Rxc7 Qxc6 26. Rxc6
axb3 27. Rca6 Rxa6 28. Rxa6 Bxc3 29. Ra3 Bxb2 30. Rxb3 Be5 31. Bc5 f6 32. Kg2
Kf7 33. Kf3 Ke6 34. Ke4 Rb7 35. f4 Bd6 36. f5+ Ke7 37. Kd5 Bxc5 38. Kxc5 b4 39.
Kc6 Rb8 40. Kc7 Rb5 41. Kc6 Rb8 42. Re3+ Kf7 43. Rb3 Ke7 44. h4 Rc8+ 45. Kd5
Rd8+ 46. Ke4 Rb8 47. Kd5 Kd7 48. g5 Rb5+ 49. Ke4 Kc6 50. gxf6 gxf6 51. h5 Kc5
52. h6 Kc4 53. Rg3 b3 54. h7 b2 55. Rg1 Rb8 56. Rb1 Re8+ 57. Kf4 Kc3 58. Kg4
Rh8 59. Kh5 Rxh7+ 60. Kg6 Rb7 61. Kxf6 Kd4 62. Kg6 Ke5 63. Re1+ Kd6 64. Rd1+
Ke7 65. f6+ Ke8 66. Re1+ Kf8 67. Rb1 Rb5 68. f7 Rb6+ 69. Kf5 Rb4 70. Kf6 Rb5
71. Kg6 Rb4 72. Kf6 Rb5 73. Kg6 Rb7 74. Kf5 Kxf7 75. Ke4 Ke6 76. Kd3 Kd5 77.
Kc2 Kc4 78. Rxb2 Rh7 79. Rb8 Rh2+ 80. Kd1 Kd3 81. Rd8+ Ke3 1/2-1/2

[Event "Detroit (MEX/4/3)"]
[Site "?"]
[Date "1994.??.??"]
[Round "?"]
[White "Jirjis, Faris"]
[Black "Drkulec, Vladimir"]
[Result "1/2-1/2"]
[WhiteElo "2155"]
[BlackElo "2225"]
[PlyCount "171"]
[EventDate "1994.??.??"]

{4/(3)} 1. e4 e5 2. Nf3 Nc6 3. Bb5 a6 4. Ba4 Nf6 5. O-O Be7 6. Qe2 b5 7. Bb3
O-O 8. c3 d5 9. d3 d4 10. Bg5 h6 11. Bh4 dxc3 12. bxc3 Nh5 13. Bxe7 Qxe7 14.
Qe3 Re8 15. Re1 Bb7 16. Nbd2 Rad8 17. Nf1 Rd7 18. Rad1 Na5 19. Ng3 Nxg3 20.
hxg3 c5 21. Nh4 Rc8 22. Nf5 Qf6 23. f3 Rdc7 24. Kf2 c4 25. dxc4 Nxc4 26. Bxc4
Rxc4 27. Rd6 Qg5 28. Qxg5 hxg5 29. Ne7+ Kf8 30. Nxc8 Bxc8 31. Re3 Ke7 32. Rd2
Ra4 33. Rc2 Be6 34. Ree2 Rc4 35. Ke3 a5 36. Kd2 a4 37. a3 Rc7 38. Rc1 Bb3 39.
Ree1 Rd7+ 40. Ke3 Rc7 41. Rf1 Bc4 42. Rfe1 Bb3 43. Rh1 Rd7 44. Rb1 Ra7 45. f4
gxf4+ 46. gxf4 exf4+ 47. Kxf4 Rc7 48. Rh3 Rc4 49. Rb2 Ke6 50. Re3 f6 51. Rd2
g5+ 52. Kf3 Rc8 53. Red3 Ke5 54. Re3 Rh8 55. g3 Rh1 56. Rd8 Ra1 57. Re8+ Kd6
58. Rd3+ Kc7 59. Re7+ Kc6 60. Red7 Bc4 61. R3d6+ Kc5 62. Ra6 g4+ 63. Kxg4 Be2+
64. Kf5 Rf1+ 65. Kg6 Kc4 66. Rc7+ Kb3 67. Rxf6 Rg1 68. Rf2 Bd3 69. Kf5 Rxg3 70.
Kf4 Rg1 71. Rf3 Bc4 72. e5 Rg8 73. Re3 Re8 74. Kf5 Kxa3 75. e6 Kb3 76. e7 a3
77. Kf6 a2 78. Re1 Kxc3 79. Rd7 b4 80. Rd8 Bb5 81. Kf7 b3 82. Rxe8 Bxe8+ 83.
Kxe8 b2 84. Kf7 b1=Q 85. e8=Q Qxe1 86. Qxe1+ 1/2-1/2

[Event "Detroit (Class C/3/22)"]
[Site "?"]
[Date "1994.??.??"]
[Round "?"]
[White "Jensen, D."]
[Black "Revnell, Joseph"]
[Result "1-0"]
[WhiteElo "1605"]
[BlackElo "1605"]
[PlyCount "91"]
[EventDate "1994.??.??"]

{3/(22)} 1. d4 d5 2. c4 e6 3. Nc3 a6 4. Nf3 b6 5. cxd5 exd5 6. Bg5 Nf6 7. e3
Bb7 8. Bd3 Nbd7 9. O-O h6 10. Bh4 Bd6 11. Re1 g5 12. Bg3 Bxg3 13. hxg3 Ne4 14.
Qc2 Ndf6 15. Nd2 Qe7 16. Ndxe4 Nxe4 17. Nxe4 dxe4 18. Be2 f5 19. Bh5+ Kd7 20.
Rac1 Qd6 21. Red1 Raf8 22. Qc4 Rh7 23. Be2 Kc8 24. Qa4 b5 25. Qc2 h5 26. Qc5
Rf6 27. Rc2 g4 28. Rdc1 Qd7 29. Qe5 Rd6 30. Rxc7+ Qxc7 31. Qxf5+ Rdd7 32. Rxc7+
Kxc7 33. Bd1 Bd5 34. Bb3 Bb7 35. Be6 Rde7 36. Qc5+ Kb8 37. d5 Rc7 38. Qd6 Ka7
39. Qe5 h4 40. Qd4+ Ka8 41. d6 Rc1+ 42. Kh2 hxg3+ 43. Kxg3 Rg1 44. Bd5 Kb8 45.
Bxb7 Kxb7 46. Qxe4+ 1-0

[Event "Detroit (Class C/2/25)"]
[Site "?"]
[Date "1994.??.??"]
[Round "?"]
[White "Jensen, D."]
[Black "Hill, M."]
[Result "0-1"]
[WhiteElo "1605"]
[BlackElo "1605"]
[PlyCount "108"]
[EventDate "1994.??.??"]

{2/(25)} 1. d4 Nf6 2. Nf3 g6 3. c4 Bg7 4. Nc3 d5 5. Bf4 c6 6. e3 Nbd7 7. Rc1
Nh5 8. Bg3 Nxg3 9. hxg3 dxc4 10. Bxc4 Nb6 11. Bb3 Bg4 12. Qd2 h5 13. Ng5 e6 14.
Nge4 h4 15. Ne2 Bxe2 16. Qxe2 Nd5 17. Qg4 Nf6 18. Nxf6+ Bxf6 19. gxh4 Rxh4 20.
Rxh4 Bxh4 21. g3 Bf6 22. Ke2 Qe7 23. Qf3 O-O-O 24. Rc5 Kb8 25. Rc4 Bg7 26. a3
Qc7 27. Bc2 Qb6 28. Rb4 Qc7 29. Be4 Ka8 30. Rc4 Rd6 31. b4 f5 32. Bxc6 Rxc6 33.
Rc5 Rxc5 34. bxc5 Qc6 35. Qf4 a6 36. Qg5 Qe8 37. Qf4 Qe7 38. g4 e5 39. dxe5
Bxe5 40. Qc4 Qe8 41. f4 Bb8 42. gxf5 gxf5 43. Kf3 Qh5+ 44. Kf2 Qh2+ 45. Kf3
Qh1+ 46. Kf2 Qe4 47. Qc3 Qc6 48. Kg3 Qg6+ 49. Kf2 Ka7 50. Qd4 Qc6 51. Kg3 Ka8
52. Qb4 Ba7 53. Kh4 Bxc5 54. Qc3 Be7+ 0-1

[Event "Detroit (Class C/5/22)"]
[Site "?"]
[Date "1994.??.??"]
[Round "?"]
[White "Jensen, D."]
[Black "Gibbs, Tony"]
[Result "1-0"]
[WhiteElo "1605"]
[BlackElo "1605"]
[PlyCount "69"]
[EventDate "1994.??.??"]

{5/(22)} 1. d4 d5 2. c4 c6 3. Nc3 Nf6 4. Bg5 e6 5. Nf3 Be7 6. e3 O-O 7. Bd3 Qc7
8. Ne5 Nbd7 9. f4 h6 10. Bh4 Nb6 11. b3 Bb4 12. Rc1 Nfd7 13. O-O f6 14. Ng6 Re8
15. Qh5 dxc4 16. bxc4 Nf8 17. Ne4 Qf7 18. Nxf6+ gxf6 19. Qxh6 Nxg6 20. Bxg6 Qg7
21. Qxg7+ Kxg7 22. Bxe8 Bd2 23. Bf2 Bxc1 24. Rxc1 e5 25. Bh5 exd4 26. exd4 Be6
27. Be2 Re8 28. Bd3 a6 29. d5 Nxd5 30. cxd5 Bxd5 31. Bc4 Bxc4 32. Rxc4 Re2 33.
Ra4 Rb2 34. Ba7 f5 35. Bd4+ 1-0

[Event "Romulus (RVO/4/21)"]
[Site "?"]
[Date "1994.??.??"]
[Round "?"]
[White "Jendras, Gerard"]
[Black "Watassek, F."]
[Result "1-0"]
[WhiteElo "1845"]
[BlackElo "1605"]
[PlyCount "69"]
[EventDate "1994.??.??"]

{4/(21)} 1. e4 e5 2. Nf3 Nc6 3. Bc4 Bc5 4. c3 Nf6 5. d4 exd4 6. cxd4 Bb4+ 7.
Nc3 O-O 8. Bg5 h6 9. Bxf6 Qxf6 10. e5 Re8 11. O-O Qd8 12. Qb3 Rf8 13. d5 Bxc3
14. dxc6 Bxb2 15. cxd7 Bxa1 16. dxc8=Q Qxc8 17. Rxa1 Kh8 18. Bxf7 Qf5 19. e6 g5
20. Re1 Kg7 21. e7 Qxf7 22. Qc3+ Kg8 23. exf8=Q+ Rxf8 24. Qb3 b5 25. Re7 Qxb3
26. axb3 Rf7 27. Re8+ Rf8 28. Rxf8+ Kxf8 29. Nd4 a6 30. Ne6+ Ke7 31. Nxc7 Kd6
32. Nxa6 Kc6 33. b4 Kd5 34. f3 h5 35. Kf2 1-0